Phases finales du Supersevens 2024. - Statistiques

Statistiques générales
  • Ce quiz a été pris 5 fois
  • Le résultat moyen est 6 sur 8
Statistiques - réponses
Réponse % Correct
Union Bordeaux-Bègles
100%
Section paloise
100%
Stade toulousain
100%
Racing 92
80%
RC Vannes
80%
Monaco rugby sevens
60%
Barbarians français
60%
Montpellier HR
60%
Aucun quiz correspondant
Distribution des résultats
% des personnes avec chaque résultat
Percentile par nombre de réponses
Votre historique - résultats
Vous n’avez pas pris ce quiz